|
|
|
|
| LEADER |
00000nam a2200000 a 4500 |
| 001 |
vtls001224748 |
| 003 |
SK-MaSNL |
| 005 |
20260301063950.0 |
| 008 |
240313s1984 DE a b 0 ger |
| 020 |
|
|
|c 15,00
|
| 035 |
|
|
|a SNK000171370
|
| 040 |
|
|
|a SNK
|b slo
|c SNK
|e AACR2
|
| 044 |
|
|
|a DE
|
| 080 |
|
|
|a 097(430)(091) Vogeler, H.(083.81)
|2 1981
|
| 100 |
1 |
|
|a Lang, Lothar
|4 aut
|9 284297
|
| 245 |
1 |
|
|a Heinrich Vogeler - Buchkunst und Exlibris
|c [Ausstellung und Katalog: Lothar Lang]
|
| 260 |
|
|
|a Burgk/Saale
|b Staatliches Museum Schloss Burgk
|c 1984
|
| 300 |
|
|
|a 47 s.
|c 23 cm
|
| 600 |
1 |
|
|a Vogeler, Heinrich
|d 1872-1942
|x exlibrisy
|x katalógy
|2 SNK
|9 380511
|
| 650 |
0 |
7 |
|a exlibris
|z Nemecko
|x katalógy
|2 SNK
|9 62982
|
| 958 |
|
|
|a OND
|
| 999 |
|
|
|c 625445
|d 627375
|
| 952 |
|
|
|t P60, <04>, [BOOK], {604}
|a SNK
|b SNK
|y VYP
|7 0
|p 17A0024320
|o snkIC 126214
|i snkK 1453/96
|0 0
|1 0
|4 0
|d 1996-12-05
|l 0
|r 2005-01-01 00:00:00
|w 2026-02-23
|